POW जिसने कश्मीर को बचाया: (Record no. 207806)
[ view plain ]
| 000 -LEADER | |
|---|---|
| fixed length control field | 01009nam a22002177a 4500 |
| 005 - DATE AND TIME OF LATEST TRANSACTION | |
| control field | 20241219121121.0 |
| 010 ## - LCCN (DPL NO) | |
| LC control number | HIN-128975 |
| 020 ## - INTERNATIONAL STANDARD BOOK NUMBER | |
| International Standard Book Number | 9789392210389 |
| Terms of availability | 395.00 |
| 035 ## - SYSTEM CONTROL NUMBER | |
| System control number | HN-101321 |
| 037 ## - SOURCE OF ACQUISITION | |
| Source of stock number/acquisition | DBAD/PUB |
| 082 ## - DEWEY DECIMAL CLASSIFICATION NUMBER | |
| Classification number | 921 |
| 100 ## - MAIN ENTRY--PERSONAL NAME | |
| Personal name | जसबीर सिंह |
| 245 ## - TITLE STATEMENT | |
| Title | POW जिसने कश्मीर को बचाया: |
| Remainder of title | शेर बच्चा ब्रिगेडियर प्रीतम सिंह, एम सी की गुमनाम गाथा/ |
| Statement of responsibility, etc | जसबीर सिंह, एस एम और पंकज पी सिंह |
| 250 ## - EDITION STATEMENT | |
| Edition statement | 1 |
| 260 ## - PUBLICATION, DISTRIBUTION, ETC. (IMPRINT) | |
| Place of publication, distribution, etc | चंडीगढ़ |
| Name of publisher, distributor, etc | The Browser & Fauji Days |
| Date of publication, distribution, etc | 2024 |
| 270 ## - ADDRESS | |
| Address | SCO 14-15, FF, सेक्टरr 8-C, |
| City | चंडीगढ़ |
| Postal code | 160009 |
| Electronic mail address | service@thebrowser.org |
| 300 ## - PHYSICAL DESCRIPTION | |
| Extent | 132 पृ. |
| Dimensions | 22सेमी (अजिल्द) |
| 700 ## - ADDED ENTRY--PERSONAL NAME | |
| Personal name | एस. एम . |
| 9 (RLIN) | 75387 |
| 700 ## - ADDED ENTRY--PERSONAL NAME | |
| Personal name | पंकज पी सिंह |
| 9 (RLIN) | 75388 |
| 942 ## - ADDED ENTRY ELEMENTS (KOHA) | |
| Source of classification or shelving scheme | Dewey Decimal Classification |
| Item type | Hindi Books |
| Classification part | 921 |
| Call number suffix | जसबी |
| Withdrawn status | Lost status | Not for loan | Collection code | Home library | Current library | Date acquired | Source of acquisition | Cost, normal purchase price | Full call number | Barcode | Copy number | Cost, replacement price | Koha item type |
|---|---|---|---|---|---|---|---|---|---|---|---|---|---|
| Non-fiction | Central Library | Central Library | 18/12/2024 | DBAD | 395.00 | 921 जसबी | HN-101321 | 1 | 395.00 | Hindi Books |
